书目信息 |
| 题名: |
基于文化视野的中国流行音乐研究
|
|
| 作者: | 田竞 著 | |
| 分册: | ||
| 出版信息: | 沈阳 沈阳出版社 2020.11 |
|
| 页数: | 175页 | |
| 开本: | 24cm | |
| 丛书名: | ||
| 单 册: | ||
| 中图分类: | J605.2 | |
| 科图分类: | ||
| 主题词: | 通俗音乐--音乐文化--研究--中国 | |
| 电子资源: | ||
| ISBN: | 978-7-5716-1405-8 | |
| 000 | 00911nam0 2200229 45 | |
| 001 | 012001001658 | |
| 005 | 20141011085152.0 | |
| 010 | @a978-7-5716-1405-8@dCNY46.00 | |
| 100 | @a20210205d2020 em y0chiy50 ea | |
| 101 | 0 | @achi |
| 102 | @aCN@b210000 | |
| 105 | @ay z 000yy | |
| 106 | @ar | |
| 200 | 1 | @a基于文化视野的中国流行音乐研究@Aji yu wen hua shi ye de zhong guo liu xing yin yue yan jiu@b专著@f田竞著 |
| 210 | @a沈阳@c沈阳出版社@d2020.11 | |
| 215 | @a175页@d24cm | |
| 330 | @a本书共分为五章,第一章首先从概念上对文化以及流行音乐中的文化进行了解读,第二章论述了中国流行音乐的产生和发展,第三章对中国流行音乐的意识形态进行了分析,第四章阐述了中国流行音乐与传媒的互动,最后在第五章对中国流行音乐的现代性审美进行了分析。 | |
| 606 | 0 | @a通俗音乐@x音乐文化@x研究@y中国 |
| 690 | @aJ605.2@v5 | |
| 701 | 0 | @a田竞@Atian jing@4著 |
| 801 | 2 | @aCN@b江苏凤凰@c20211018 |
| 905 | @b1345211-4@dJ605.2@e1355@f4 | |
| 基于文化视野的中国流行音乐研究/田竞著.-沈阳:沈阳出版社,2020.11 |
| 175页;24cm |
| ISBN 978-7-5716-1405-8:CNY46.00 |
| 本书共分为五章,第一章首先从概念上对文化以及流行音乐中的文化进行了解读,第二章论述了中国流行音乐的产生和发展,第三章对中国流行音乐的意识形态进行了分析,第四章阐述了中国流行音乐与传媒的互动,最后在第五章对中国流行音乐的现代性审美进行了分析。 |
| ● |
| 相关链接 |
|
|
|
|
正题名:基于文化视野的中国流行音乐研究
索取号:J605.2/1355
 
预约/预借
| 序号 | 登录号 | 条形码 | 馆藏地/架位号 | 状态 | 备注 |
| 1 | 1345211 | 213452119 | 第一样本阅览室/ [索取号:J605.2/1355] | 在馆 | |
| 2 | 1345212 | 213452128 | 第一借阅区/ [索取号:J605.2/1355] | 在馆 | |
| 3 | 1345213 | 213452137 | 第一借阅区/ [索取号:J605.2/1355] | 在馆 | |
| 4 | 1345214 | 213452146 | 第一借阅区/ [索取号:J605.2/1355] | 在馆 |